21. yüzyılın şafağında savaş ve savaş karşıtı mücadele (Record no. 769)

MARC details
000 -BAŞLIK
Sabit Uzunlukta Kontrol Alanı 00982na a2200301 4500
001 - KONTROL NUMARASI
Denetim Alanı 13756
003 - KONTROL NUMARASI IDENTIFIER
Denetim Alanı MIRAKIL
005 - SON İŞLEM TARİHİ VE ZAMANI
Denetim Alanı 20181213154800.0
008 - SABİT-BOY VERİ ELEMANLARI - GENEL BİLGİLER
Sabit Uzunlukta Kontrol Alanı 161102b tu 000 0
020 ## - ULUSLARARASI STANDART KİTAP NUMARASI
Uluslararası Standart Kitap Numarası 9757339083
040 ## - KATALOGLAMA KAYNAK
Orijinal Kataloglama Ajansı Milas
Kataloglama Dili tur
Metne Dönüştürmek Ajansı TR-AnCHP
082 ## - DEWEY ONLU SINIFLANDIRMA NUMARASI
Sınıflandırma Numarası 355.02
Ürün Numarası T56r 1994
090 ## - SINIFLAMA NUMARASI
Sınıflama Numarası 355.02 T56r 1994
100 ## - ANA GİRİŞ - KİŞİSEL İSİM
Kişisel Ad Toffler, Alvin
245 ## - BAŞLIK TABLOSU
Başlık 21. yüzyılın şafağında savaş ve savaş karşıtı mücadele
Sorumluluk Tablosu, Vb Alvin Toffler, Heidi Toffler; çeviren Mehmet Harmancı
246 ## - UNVAN FORM VARYING
Başlık Doğru / Kısa Başlığı Savaş ve savaş karşıtı mücadele
260 ## - YAYIN, DAĞITIM, VB
Yayın, Dağıtım, Vb Yeri İstanbul
Yayıncı, Dağıtıcı, Vs Adı Gençlik yayınları
Yayın, Dağıtım, Vb Tarihi 1994
300 ## - FİZİKSEL TANIM
Kapsam x, 266 s.
Boyutlar 24 sm.
500 ## - GENEL NOT
Genel Not Özgün yapıt adı: War and Anti-war survival at the dawn of the twenty-first century
650 ## - KONU KATMA GİRİŞ - TOPİKAL DÖNEM
Topikal Süreli Veya Coğrafi Ad Giriş Elemanı Gelecekbilim
650 ## - KONU KATMA GİRİŞ - TOPİKAL DÖNEM
Topikal Süreli Veya Coğrafi Ad Giriş Elemanı Savaşlar
Genel Alt Bölümü Felsefe
650 ## - KONU KATMA GİRİŞ - TOPİKAL DÖNEM
Topikal Süreli Veya Coğrafi Ad Giriş Elemanı Askerlik bilimi
650 ## - KONU KATMA GİRİŞ - TOPİKAL DÖNEM
Topikal Süreli Veya Coğrafi Ad Giriş Elemanı Barış
700 ## - KATMA GİRİŞ - KİŞİSEL İSİM
Kişisel Ad Harmancı, Mehmet
700 ## - KATMA GİRİŞ - KİŞİSEL İSİM
Kişisel Ad Toffler, Heidi
740 ## - KATMA GİRİŞ - KONTROLSUZ İLGİLİ / ANALİTİK BAŞLIK
Kontrol Edilmeyen / İlgili Analitik Başlıktaki Savaş ve savaş karşıtı mücadele
942 ## - EKLENDİ GİRİŞ ELEMANLARI (KOHA)
Sınıflandırma Veya Raf Düzeni Kaynak Dewey Decimal Classification
Koha Öğesi Türü Books
999 ## - SİSTEM KONTROL NUMARALARI (KOHA)
Koha Biblionumber 769
Koha Biblioitemnumber 769
Holdings
Kalıcı Konum Mevcut Konum Edinme Tarihi Edinim Kaynak Toplam Check-Out'Lar Tam Çağrı Numarası Barkod Tarih Son Görülme İtibaren Geçerli Fiyatlar Koha Öğesi Türü
CHP Kütüphanesi CHP Kütüphanesi 08/16/2016 Bağış   355.02 T56r 1994 001045 08/16/2016 08/16/2016 Books